Мар'ян Крушельницький: Школа образного перевтілення, заповідана Лесем Курбасом (Запис № 367623)

МАРК-запис
000 -Лідер
fixed length control field 00807nam a22002537a 4500
001 - Контрольний номер
control field 81291
003 - Ідентифікатор контрольного номера
control field UA-OsUOA
005 - Дата та час останнього входження (трансакції)
control field 20210707204932.0
007 - Фіксоване поле фізичного опису
fixed length control field ta
008 - Елементи даних фіксованої довжини – загальна інформація
fixed length control field 20120123b un ||||| |||| 00| 0 ukr d
020 ## - Міжнародний стандартний книжковий номер (ISBN)
Міжнародний стандартний книжковий номер (ISBN) (НП) 978-966-06-0499-5
040 ## - Джерело каталогізації
Агенція оригінальної каталогізації UA-OsUOA
Мова каталогізації ukr
Агенція, яка здійснювала перезапис UA-OsUOA
Агенція, яка здійснювала модифікацію UA-OsUOA
041 ## - Код мови
Код мови тексту/ звукової доріжки чи окремого заголовка (П) ukr
080 ## - Індекс Універсальної десяткової класифікації
Індекс Універсальної десяткової класифікації (УДК) (НП) 7.071.1
090 ## - Локальний шифр розміщення
Класифікаційний індекс УДК 7.071.1
Авторський знак (НП) Т18
100 ## - Основне введення – ім’я особи
Ім’я особи (НП) Танюк Л.
245 ## - Відомості про назву
Назва (НП) Мар'ян Крушельницький: Школа образного перевтілення, заповідана Лесем Курбасом
260 ## - Публікація, розповсюдження і т.п. (Вихідні дані)
Місце публікації, розповсюдження і т.п. (П) К.
Ім’я/ наймення видавництва, розповсюджувача і т.п. (П) Либідь
Дата публікації, розповсюдження і т.п. (П) 2007
300 ## - Фізичний опис
Обсяг 360 с.
650 #7 - Додаткове предметне введення – тематичний термін
Тематичний термін чи географічна назва, як елемент введення (НП) 7.0 Загальні питання мистецтва
Джерело заголовка чи терміна UDC
942 ## - Додаткові елементи входу (Коха)
Тип елемента Koha Книги
Source of classification or shelving scheme Universal Decimal Classification
955 ## - Код типу видання за змістом
Код типу видання за змістом (НП) Науково-популярні видання
Фонди
Стан вилучень Стан втрат Джерело класифікації або схеми стелажів Стан уражень Не для кредиту Код колекції Постійне місце розташування Поточне розміщення Дата придбання Джерело придбання Вартість, звичайна ціна покупки Інвентарний номер Усього замовленно Повний номер виклику Штрих-код Дата останнього перегляду Ціна ефективна від Тип елемента Koha
    Universal Decimal Classification     Колекція Жулинського М.Г. АБ - Абонемент НБ АБ - Абонемент НБ 23/01/2012 3/2012 25.00 136618   7.071.1 Т18 136618 10/12/2021 23/01/2012 Книги
    Universal Decimal Classification     Колекція Жулинського М.Г. ЧЗ - Читальна зала ЧЗ - Читальна зала 01/06/2011 69/2011 45.00 132679   7.071.2(477)(092) Т18 132679 09/12/2021 01/06/2011 Книги
    Universal Decimal Classification       ЧЗ - Читальна зала ЧЗ - Читальна зала 17/11/2015 46/2015 25.00 149657   7.071.1 Т18 149657 08/02/2022 23/01/2012 Книги